| 000 | 00611agm a2200229 4500 | ||
|---|---|---|---|
| 005 | 20170614110313.0 | ||
| 008 | 150507b xxu||||| |||| 00| 0 spa d | ||
| 041 | _aspa | ||
| 082 | _a266 DVD | ||
| 245 | _aLlanuras del norte: Región siempre verde de Costa Rica | ||
| 260 | _aCosta Rica | ||
| 260 | _bMertec | ||
| 260 | _c1998 | ||
| 300 | _a48 minutos | ||
| 650 |
_aCOSTA RICA _943121 |
||
| 650 |
_aLLANURAS DEL NORTE _935744 |
||
| 650 |
_aTURISMO SOSTENIBLE _99369 |
||
| 650 |
_aBIODIVERSIDAD _91061 |
||
| 650 |
_aDESARROLLO SOSTENIBLE _91111 |
||
| 650 |
_aRECURSOS NATURALES _91141 |
||
| 942 | _cDVD | ||
| 999 |
_c9558 _d9558 |
||